000 00306nam a2200121Ia 4500
008 190216s9999||||xx |||||||||||||| ||und||
100 _aPaik C M
245 0 _aQuantitative Methods For Mangerial Decisions
260 _bTata Mcgrawhill Publishers
_c1975
300 _a403p
650 _aCommerce
942 _cBK
999 _c4248
_d4248